000 00696nam a2200253 i 4500
001 C2-0078869
003 PPAK
005 20180727083338.0
008 970429s1981 maua|||| ||||| | eng d
020 _a0867352280
040 _aPPAK
_beng
_cPPAK
_erda
082 0 4 _a650
_223
090 0 0 _a650
_bMAN
_dG
090 0 0 _a650
_bMAN
_dKK
245 0 0 _aManufacturing:
_breconsidering old solutions
264 1 _aBoston, Massachusetts :
_bHarvard College ,
_c1981
300 _a199 pages :
_billustrations ;
_c28 cm
336 _2rdacontent
_atext
337 _2rdamedia
_aunmediated
338 _2rdacarrier
_avolume
500 _aHarvard Business Review
650 1 0 _aBusiness
942 _ddc
_cB
999 _c13298
_d13298